000 00653cam a2200241u 4500
999 _c173346
_d173346
001 6516220
003 Nust
005 20180723063308.0
008 810205s1954 enk 000 0 eng
010 _a 54036025
020 _a9788129102683
_cRs. 260
038 _aArshad
040 _aDLC
_cCarP
_dDLC
050 0 0 _aPZ4.C388
_bAc2
_aPR6053.E3
082 _a823.91
_bCEC
100 1 _aCecil, Henry,
_d1902-1976.
_911931
245 1 0 _aAccording to the evidence.
260 _aLondon,
_bChapman & Hall,
_c1954.
300 _a205p.
655 7 _aLegal stories.
_2gsafd
_9935
906 _a0
_bcbc
_cpremunv
_du
_encip
_f19
_gy-gencatlg
942 _2ddc
_cBK